Loading...
| Science - Chemistry | 0 | 8 | 0 | 2 | 80 | 45 | 84.00 | 2 | 3 | 0.00 | 0.00 |
| Fine Arts - Classical Music | 0 | 8 | 1 | 0 | 75 | 14 | 70.88 | 3 | 6 | 0.00 | 0.00 |
| Mythology | 0 | 8 | 1 | 2 | 75 | 25 | 61.25 | 2 | 6 | 0.00 | 0.00 |
| Science - Physics | 0 | 4 | 0 | 0 | 40 | 52 | 83.75 | 1 | 2 | 0.00 | 0.00 |
| Science - Other | 0 | 4 | 0 | 0 | 40 | 48 | 77.50 | 0 | 3 | 0.00 | 0.00 |
| Religion | 0 | 4 | 1 | 0 | 35 | 52 | 75.25 | 1 | 3 | 0.00 | 0.00 |
| Fine Arts - Painting and Sculpture | 0 | 3 | 0 | 0 | 30 | 67 | 77.00 | 2 | 3 | 0.00 | 0.00 |
| Fine Arts - Other | 0 | 3 | 0 | 1 | 30 | 108 | 116.67 | 0 | 3 | 0.00 | 0.00 |
| Science - Biology | 0 | 3 | 1 | 0 | 25 | 25 | 50.00 | 3 | 3 | 0.00 | 0.00 |
| History - World | 0 | 2 | 0 | 0 | 20 | 41 | 52.50 | 0 | 1 | 0.00 | 0.00 |
| History - Other | 0 | 2 | 0 | 0 | 20 | 66 | 73.50 | 1 | 1 | 0.00 | 0.00 |
| Social Science | 0 | 2 | 0 | 0 | 20 | 46 | 60.00 | 1 | 1 | 0.00 | 0.00 |
| History - American | 0 | 1 | 0 | 0 | 10 | 77 | 77.00 | 0 | 0 | 0.00 | 0.00 |
| Literature - British | 0 | 1 | 0 | 0 | 10 | 122 | 122.00 | 0 | 0 | 0.00 | 0.00 |
| Philosophy | 0 | 0 | 1 | 0 | -5 | 0.00 | 0 | 0 | 0.00 | 0.00 |